Bài tập địa chất cơ học đất và nền móng công trình

Cuốn sách tổng hợp bài tập thực hành, bài tập minh họa...nhằm hệ thống và củng cố kiến thức của ba môn học: địa chất, cơ học đất và nền móng công trình. Nội dung sách cập nhật các nghiên cứu mới nhất về địa chất, địa kĩ thuật củ...

Descripción completa

Guardado en:
Detalles Bibliográficos
Autor principal: Nguyễn Uyên
Formato: Libro
Lenguaje:Vietnamese
Publicado: H. Xây dựng 2012
Edición:Tái bản
Materias:
Etiquetas: Agregar Etiqueta
Sin Etiquetas, Sea el primero en etiquetar este registro!
Thư viện lưu trữ: Thư viện Trường Đại học Nam Cần Thơ
LEADER 01875nam a22002537a 4500
001 NCT_65765
008 190810b xxu||||| |||| 00| 0 vie d
999 |c 3183  |d 3183 
020 |c 105000 
082 0 4 |2 23rd ed.  |a 624.15136  |b U527 
100 1 |a Nguyễn Uyên 
245 1 0 |a Bài tập địa chất cơ học đất và nền móng công trình  |c Nguyễn Uyên 
250 |a Tái bản 
260 |a H.  |b Xây dựng  |c 2012 
300 |a 343 tr.  |b minh họa  |c 27cm 
520 3 |a Cuốn sách tổng hợp bài tập thực hành, bài tập minh họa...nhằm hệ thống và củng cố kiến thức của ba môn học: địa chất, cơ học đất và nền móng công trình. Nội dung sách cập nhật các nghiên cứu mới nhất về địa chất, địa kĩ thuật của các nước tiên tiến trên thế giới. 
653 |a Kỹ thuật công trình xây dựng 
942 |2 ddc  |c BK 
952 |0 0  |1 0  |2 ddc  |4 0  |6 624_151360000000000_U527  |7 0  |9 17188  |a 000001  |b 000001  |d 2019-08-10  |o 624.15136 U527  |p MD.15659  |r 2019-08-10  |v 105000.00  |w 2019-08-10  |y BK 
952 |0 0  |1 0  |2 ddc  |4 0  |6 624_151360000000000_U527  |7 0  |9 17189  |a 000001  |b 000001  |d 2019-08-10  |l 1  |o 624.15136 U527  |p MD.15660  |r 2022-02-11  |s 2021-04-27  |v 105000.00  |w 2019-08-10  |y BK 
952 |0 0  |1 0  |2 ddc  |4 0  |6 624_151360000000000_U527  |7 0  |9 17190  |a 000001  |b 000001  |d 2019-08-10  |o 624.15136 U527  |p MD.15661  |r 2019-08-10  |v 105000.00  |w 2019-08-10  |y BK 
952 |0 0  |1 0  |2 ddc  |4 0  |6 624_151360000000000_U527  |7 0  |9 17191  |a 000001  |b 000001  |d 2019-08-10  |o 624.15136 U527  |p MD.15662  |r 2019-08-10  |v 105000.00  |w 2019-08-10  |y BK 
952 |0 0  |1 0  |2 ddc  |4 0  |6 624_151360000000000_U527  |7 0  |9 17192  |a 000001  |b 000001  |d 2019-08-10  |o 624.15136 U527  |p MD.15663  |r 2019-08-10  |v 105000.00  |w 2019-08-10  |y BK 
980 |a Thư viện Trường Đại học Nam Cần Thơ